[Event "DEN-ch sf8"]
[Site "Svendborg"]
[Date "2024.03.29"]
[Round "6"]
[White "Ramsdal, Lasse Andreas"]
[Black "Peitersen, Andreas"]
[Result "0-1"]
[WhiteElo "1816"]
[BlackElo "1815"]
[PlyCount "84"]
[EventDate "2024.03.29"]
[EventType "swiss"]
[EventRounds "7"]
[EventCountry "DEN"]
[SourceTitle "CB16_2024"]
[SourceDate "2024.04.17"]
[SourceVersion "1"]
[SourceVersionDate "2024.04.17"]
[SourceQuality "1"]

1. d4 d5 2. c4 c6 3. Nc3 Nf6 4. Nf3 e6 5. e3 Be7 6. Be2 0-0 7. 0-0 Nbd7 8. b3 Bd6 9. Bb2 b6 10. Qc2 Bb7 11. Rfd1 Qe7 12. e4 dxe4 13. Nxe4 Ba3 14. Bxa3 Qxa3 15. Nfg5 h6 16. Nxf6+ Nxf6 17. Ne4 Qe7 18. Nxf6+ Qxf6 19. Rd3 c5 20. Rad1 Be4 21. Bf3 Bxd3 22. Rxd3 Rad8 23. d5 Rd6 24. h3 Qg6 25. Qe2 Qf6 26. Be4 g6 27. Rg3 Kh7 28. Qc2 Qa1+ 29. Kh2 f5 30. Bf3 Qe5 31. h4 Qf6 32. Qc1 e5 33. Rh3 e4 34. Bd1 Qe5+ 35. Kg1 f4 36. Bc2 Kg7 37. Qe1 Re8 38. Rc3 Kg8 39. Kf1 Kf7 40. Bb1 e3 41. f3 e2+ 42. Kg1 Qxc3 0-1